000 01220nam a2200241Ii 4500
003 JO-AjNU
005 20240629101153.0
008 230605s9999||||xx |||||||||||||| ||und||
040 _aJO-AjNU
_bara
_erda
_cJO-AjNU
041 _aara
050 1 4 _aKMM395.2022
100 1 _aعبابنة، مصطفى ابراهيم مصطفى
_eمعد
_965753
245 0 _aمدى فاعلية الرقابة الالكترونية كبديل عن التوقيف في التشريع الجزائي الاردني = The Extent of Effectiveness of Electronic Monitoring as an Alternative to Detention in Jordan Penal Legislation /
_cاعداد مصطفى ابراهيم مصطفى عبابنة؛ اشراف عبدالله ماجد العكايلة
264 3 1 _a 2022
300 _a103 ورقة
336 _atext
_btxt
_2rdacontent
337 _aunmediated
_bn
_2rdamedia
338 _avolume
_bnc
_2rdacarrier
500 _aرسالة جامعية(اطروحة ماجستير) تخصص القانون /كلية الحقوق، جامعة عجلون الوطنية، 2022
650 4 _aالتشريع الجزائي الاردني
_962564
700 1 _a العكايلة ، عبدالله ماجد
_925034
_eمشرف
942 _2lcc
_cTHS
999 _c31904
_d31904